000 00589nam a2200241 a 4500
001 nice12345678
003 IN_TiNIC
005 20260116011542.0
008 050524s1940 teha grp 000 0 eng
020 _a
_c0
082 0 0 _a500.80297
_bANJ
100 _aAnjuman-I-Khuddam-Ud-Din,
245 _aQuran and Science
260 _aTehran
_bNo Publisher
_c1940
300 _a61p
500 _aincludes index and biblioraphy
505 2 _aArabic-Urdu
650 _aQuran and Science
700 1 _aAnjuman-I-Khuddam-Ud-Din,
902 _bSRS
942 _cBK
999 _c2560
_d2560